Normal view MARC view
  • Sinaloa

Entry Nombre Geográfico

Number of records used in: 9

001 - NÚMERO DE CONTROL

  • campo de control: 24459

003 - IDENTIFICADOR DE NUMERO DE CONTROL

  • campo de control: MX-MxUPN

005 - FECHA Y HORA DE LA ÜLTIMA TRANSACCIÓN

  • campo de control: 20230601101126.0

008 - DATOS DE LONGITUD FIJA

  • campo de control de longitud fija: 230601nn fnznnbabn n ana |d

035 ## - NÚMERO DE CONTROL

  • Número de control: UPN10000024468

040 ## - FUENTE DE CATALOGACIÓN

  • Lenguaje de catalogación: spa
  • Agencia de catalogación original: MX-MxUPN

151 ## - ENCABEZAMIENTO - NOMBRE GEOGRÁFICO

  • Nombre geográfico: Sinaloa
  • Subdivisión general : Descripción y viajes

670 ## - FUENTE EN LA QUE SE LOCALIZARON DATOS

  • Cita de la fuente: Escamilla González, G. Lista de encabezamientos de materia, 1978 :
  • Información localizada: página 709 (Querétaro -- Descripción y viajes)

902 ## - CATALOGADOR

  • Catalogador: MEEG/250996
  • Catalogador: VíctorGodínez/010623